| 000 | 00981nam a2200265Ia 4500 | ||
|---|---|---|---|
| 999 |
_c55419 _d55419 |
||
| 001 | 22501 | ||
| 003 | GE_BSU | ||
| 005 | 20230323155323.0 | ||
| 008 | 181216s ||||enk|||||||||||||| ||eng|| | ||
| 020 | _a9783125399037 | ||
| 040 | _cGE_BSU | ||
| 080 | _a811.111.1 E-56 | ||
| 245 |
_aEnglish Unlimited A2 Elementary : _bCoursebook with e-Portfolio DVD-ROM + 3 Audio-CDs / _cAlex Tilbury,Theresa Clementson,Leslie Anne Hendra & David Rea ; Corse consultant:Adrian Doff. |
||
| 264 |
_aCambridge : _bCambridge University Press, _c2010. |
||
| 300 |
_a199 p. : _bill. ; _c29 cm. |
||
| 541 | _h120gel. | ||
| 653 | _aEnglish Unlimited A2 : Elementary | ||
| 653 | _aCoursebook with e-Portfolio DVD-ROM + 3 Audio-CDs | ||
| 653 | _aინგლისური ენა (გრამატიკა) | ||
| 700 |
_aTilbury, Alex _eby _93162 |
||
| 700 |
_aClementson,Theresa _eby _917239 |
||
| 700 |
_aHendra, Leslie Anne _eby _93163 |
||
| 700 |
_aRea, David _93164 _eby |
||
| 942 |
_cBK _2udc |
||